Estadísticas para Premios Oscar - Países ganadores a Mejor Película Internacional

Haz click aquí para intentar la prueba.

Estadísticas generales

  • Esta prueba ha sido intentada 32 veces
    (26 desde el último reinicio)
  • La puntuación promedio es 17 de 28

Estadísticas de respuestas

ContinenteVeces ganadasÚltima vez que ganóPaís% Correcto
Europa42004España
100%
Europa121992Francia
100%
Europa
14
2013Italia
100%
Europa32022Alemania
96%
Asia52021Japón
92%
Europa-Asia11994Rusia
92%
Asia12019Corea del Sur
85%
América12018México
85%
Europa31983Suecia
85%
América22009Argentina
81%
África12005Sudáfrica
73%
Europa31997Países Bajos
69%
América12003Canadá
65%
América12017Chile
65%
Europa42020Dinamarca
65%
Europa12014Polonia
62%
Europa22012Austria
58%
Europa21990Suiza
54%
Europa22015Hungría
46%
Asia22016Irán
42%
Europa11996República Checa
38%
Asia12000Taiwán
35%
África11969Argelia
27%
Europa12001Bosnia y Herzegovina
27%
***21967Checoslovaquia
27%
***3
1980
Unión Soviética
27%
África11976Costa de Marfil
12%
***11979Alemania Occidental / República Federal de Alemania
4%

Distribución de puntuación

Porcentaje por número respondido

Porcentaje de gente con cada puntuación

Historial de tus puntuaciones

No has intentado esta prueba desde el último reinicio